[Event "Chigorin Memorial 2019"]
[Site "St Petersburg RUS"]
[Date "2019.10.05"]
[Round "1.1"]
[White "Kovalenko, Igor"]
[Black "Khadzhiev, Valery"]
[Result "1-0"]
[WhiteTitle "GM"]
[WhiteElo "2674"]
[BlackElo "2056"]
[WhiteFideId "14117908"]
[BlackFideId "34154601"]
[EventDate "2019.10.05"]

1. e4 c6 2. Nc3 d5 3. Nf3 Bg4 4. h3 Bxf3 5. Qxf3 e6 6. d3 Nf6 7. Qg3 Qb6 8. Be2
Nbd7 9. O-O g6 10. Rb1 Bg7 11. Bf4 O-O 12. e5 Ne8 13. Bf3 Qc7 14. Rbe1 b5 15. h4
b4 16. Nd1 Qa5 17. Qg5 Qc7 18. Bg3 a5 19. d4 Qd8 20. Qd2 Rc8 21. h5 Nc7 22. h6
Bh8 23. Be2 c5 24. c3 Qe7 25. Ne3 f5 26. f4 g5 27. fxg5 Rfd8 28. Bf4 Nf8 29. g4
Ng6 30. gxf5 Nxf4 31. Rxf4 exf5 32. Nxf5 1-0

[Event "Chigorin Memorial 2019"]
[Site "St Petersburg RUS"]
[Date "2019.10.05"]
[Round "1.2"]
[White "Vetokhin, Savva"]
[Black "Ter-Sahakyan, Samvel"]
[Result "0-1"]
[WhiteTitle "CM"]
[BlackTitle "GM"]
[WhiteElo "2071"]
[BlackElo "2623"]
[WhiteFideId "44144474"]
[BlackFideId "13302531"]
[EventDate "2019.10.05"]

1. e4 c5 2. Nf3 d6 3. Bb5+ Nd7 4. c3 Nf6 5. Qe2 a6 6. Ba4 b5 7. Bc2 Bb7 8. O-O
g6 9. d4 Bg7 10. Nbd2 O-O 11. Rd1 e5 12. a4 Rb8 13. axb5 axb5 14. Nf1 Qc7 15. d5
c4 16. h4 Nc5 17. Ng3 h5 18. Ng5 Bc8 19. Be3 Bd7 20. f3 Rfc8 21. Qe1 Rb7 22.
Rdb1 Rcb8 23. Bd2 Qd8 24. Ne2 Nh7 25. Nxh7 Kxh7 26. Bg5 Bf6 27. Bxf6 Qxf6 28. b4
cxb3 29. Bxb3 Rc7 30. Bc2 Rbc8 31. Ra3 Qd8 32. Bb3 f5 33. Bc2 fxe4 34. fxe4 Kg7
35. Nc1 Ra8 36. Rba1 Rxa3 37. Rxa3 Na4 38. Bd3 Rc8 39. Kh2 Qb6 40. Rb3 Qa5 41.
Ra3 Rxc3 42. Rxc3 Qxc3 43. Qe3 Nc5 44. Qg5 Kf7 45. Qh6 Nxd3 46. Qh7+ Ke8 47.
Qxg6+ Kd8 48. Nxd3 Qxd3 49. Qxd6 Qxe4 50. Qb6+ Ke7 51. Qc5+ Kf7 0-1

[Event "Chigorin Memorial 2019"]
[Site "St Petersburg RUS"]
[Date "2019.10.05"]
[Round "1.4"]
[White "Gilyazitdinov, Nikita"]
[Black "Khismatullin, Denis"]
[Result "0-1"]
[BlackTitle "GM"]
[WhiteElo "2050"]
[BlackElo "2611"]
[WhiteFideId "4184106"]
[BlackFideId "4142578"]
[EventDate "2019.10.05"]

1. Nf3 c5 2. g3 g6 3. Bg2 Bg7 4. O-O Nc6 5. d3 Nf6 6. c3 O-O 7. e4 e5 8. Nbd2 d5
9. Re1 Be6 10. Ng5 Bg4 11. Qb3 h6 12. h3 Bc8 13. Ngf3 d4 14. cxd4 cxd4 15. Nc4
Qc7 16. Bd2 Be6 17. Rac1 Nd7 18. Qa3 Rfc8 19. b4 Bf8 20. Qb2 a6 21. a4 Bxc4 22.
dxc4 a5 23. b5 Nb4 24. Bf1 Nc5 25. Qa3 Rd8 26. Nh2 Qe7 27. h4 Qe6 28. h5 d3 29.
hxg6 fxg6 30. Red1 Nxe4 31. Bg2 Nxf2 32. Kxf2 Bc5+ 33. Be3 Qb6 34. Ng4 Bxe3+ 35.
Nxe3 Rf8+ 36. Bf3 e4 37. c5 Qe6 38. Nf1 Rxf3+ 39. Kg2 Raf8 40. Qb2 e3 0-1

[Event "Chigorin Memorial 2019"]
[Site "St Petersburg RUS"]
[Date "2019.10.05"]
[Round "1.6"]
[White "Pingin, Artem"]
[Black "Kryakvin, Dmitry"]
[Result "1/2-1/2"]
[WhiteTitle "CM"]
[BlackTitle "GM"]
[WhiteElo "2085"]
[BlackElo "2610"]
[WhiteFideId "44193645"]
[BlackFideId "4153278"]
[EventDate "2019.10.05"]

1. e4 c6 2. d4 d5 3. Nc3 dxe4 4. Nxe4 Bf5 5. Ng3 Bg6 6. h4 h6 7. h5 Bh7 8. Nf3
Nf6 9. Bd3 Bxd3 10. Qxd3 e6 11. Bd2 c5 12. O-O-O Nc6 13. Bc3 Rc8 14. Ne4 cxd4
15. Nxf6+ gxf6 16. Nxd4 Be7 17. Rhe1 Qd5 18. Kb1 Nxd4 19. Bxd4 a6 20. Qg3 Qxh5
21. Qg7 Rf8 22. Bxf6 Qf5 23. Bc3 Qxf2 24. Qg4 Qb6 25. Ka1 Qc6 26. Qh5 b5 27.
Qxh6 Rg8 28. Rf1 Qxg2 29. Qh7 Qg6 30. Qh1 Qxc2 31. Qb7 Rxc3 32. bxc3 Qxc3+ 33.
Kb1 Qb4+ 34. Ka1 Qc3+ 35. Kb1 f5 36. Qd7+ Kf7 37. Rxf5+ exf5 38. Qd5+ Kf8 39.
Qa8+ Kf7 40. Qd5+ Kf8 41. Qa8+ Kg7 42. Rg1+ Kf6 43. Qxg8 Qd3+ 44. Ka1 Qc3+ 45.
Kb1 Qd3+ 46. Ka1 Qd4+ 47. Kb1 Qe4+ 48. Ka1 Ke5 1/2-1/2

[Event "Chigorin Memorial 2019"]
[Site "St Petersburg RUS"]
[Date "2019.10.05"]
[Round "1.7"]
[White "Rozum, Ivan"]
[Black "Kundianok, Vladislav"]
[Result "1-0"]
[WhiteTitle "GM"]
[WhiteElo "2596"]
[BlackElo "2043"]
[WhiteFideId "24104272"]
[BlackFideId "44157819"]
[EventDate "2019.10.05"]

1. d4 Nf6 2. Nf3 g6 3. Nbd2 Bg7 4. e4 d6 5. c3 O-O 6. Be2 e5 7. dxe5 dxe5 8.
Nxe5 Nxe4 9. Nxf7 Nxf2 10. Nxd8 Nxd1 11. Bc4+ Kh8 12. Nf7+ Rxf7 13. Bxf7 Ne3 14.
Kf2 Ng4+ 15. Kg1 Nc6 16. Nc4 Bf8 17. b4 Bg7 18. Bd2 Bd7 19. Bd5 Nxb4 20. Bxb7
Re8 21. h3 Ne5 22. Nxe5 Rxe5 23. Bf3 Nd3 24. Rb1 h6 25. Rb8+ Kh7 26. Rd8 Re7 27.
Bd5 Be5 28. Bc4 Nc5 29. h4 Bg3 30. Rf8 Kg7 31. Rf3 Ne4 32. Be3 Be5 33. Bd3 Nd6
34. Bxa7 Bxc3 35. Re3 Rf7 36. Bxg6 Kxg6 37. Rxc3 Nb5 38. Rg3+ Kh7 39. Bf2 Bc6
40. h5 Nd6 41. Rh4 Ne4 42. Rg6 Bd5 43. Be3 1-0

[Event "Chigorin Memorial 2019"]
[Site "St Petersburg RUS"]
[Date "2019.10.05"]
[Round "1.8"]
[White "Shalagin, Vladimir"]
[Black "Smirin, Ilia"]
[Result "0-1"]
[BlackTitle "GM"]
[WhiteElo "2042"]
[BlackElo "2599"]
[WhiteFideId "34191990"]
[BlackFideId "2801990"]
[EventDate "2019.10.05"]

1. d4 Nf6 2. Nf3 g6 3. c4 Bg7 4. Nc3 d6 5. Bg5 h6 6. Bh4 g5 7. Bg3 Nh5 8. e3 Nd7
9. Be2 Ndf6 10. Nd2 Nxg3 11. hxg3 c5 12. d5 e6 13. dxe6 Bxe6 14. Bf3 O-O 15. Qc2
Rb8 16. Rc1 g4 17. Be2 d5 18. cxd5 Nxd5 19. a3 Nxc3 20. bxc3 b5 21. O-O c4 22.
Rfd1 Qe7 23. a4 a6 24. axb5 axb5 25. Nb1 Ra8 26. Rd2 h5 27. Qd1 Ra1 28. Rb2 Rd8
29. Qc2 Qc5 30. Nd2 Ra3 31. Nb1 Rb3 32. Rd1 Rxd1+ 33. Bxd1 b4 34. Rxb3 cxb3 0-1

[Event "Chigorin Memorial 2019"]
[Site "St Petersburg RUS"]
[Date "2019.10.05"]
[Round "1.9"]
[White "Kokarev, Dmitry"]
[Black "Antonian, Grant"]
[Result "1-0"]
[WhiteTitle "GM"]
[WhiteElo "2601"]
[BlackElo "2039"]
[WhiteFideId "4132181"]
[BlackFideId "24197807"]
[EventDate "2019.10.05"]

1. e4 e5 2. Nf3 Nc6 3. Bb5 a6 4. Ba4 Nf6 5. O-O b5 6. Bb3 Bc5 7. c3 d6 8. d4 Bb6
9. Be3 O-O 10. Nbd2 Bb7 11. d5 Ne7 12. Bxb6 cxb6 13. Re1 Bc8 14. Nf1 Bg4 15. Bc2
Qc8 16. Ne3 Bxf3 17. Qxf3 Qc7 18. Rec1 Rfc8 19. g3 Qc5 20. a3 a5 21. Bd3 b4 22.
cxb4 Qxc1+ 23. Rxc1 Rxc1+ 24. Nf1 Re1 25. bxa5 Rxa5 26. Be2 Rc5 27. Qd3 Rcc1 28.
Kg2 Nd7 29. Qb5 Ng6 30. Qxd7 Rxe2 31. Ne3 Nf8 32. Qxd6 Rxb2 33. Qxe5 Rd2 34. Nf5
f6 35. Qe7 1-0

[Event "Chigorin Memorial 2019"]
[Site "St Petersburg RUS"]
[Date "2019.10.05"]
[Round "1.10"]
[White "Mkrtchyan, Mariam"]
[Black "Gareyev, Timur"]
[Result "0-1"]
[WhiteTitle "WCM"]
[BlackTitle "GM"]
[WhiteElo "2039"]
[BlackElo "2597"]
[WhiteFideId "13310828"]
[BlackFideId "14200937"]
[EventDate "2019.10.05"]

1. d4 Nf6 2. Nf3 c5 3. d5 b5 4. c4 g6 5. cxb5 a6 6. bxa6 Bg7 7. Nc3 Bxa6 8. e4
Bxf1 9. Kxf1 O-O 10. g3 d6 11. Kg2 Nbd7 12. Qe2 Qb6 13. Nd2 Rfb8 14. Nc4 Qa6 15.
Re1 Rb4 16. Nd2 Ne5 17. Qxa6 Rxa6 18. Re2 Nd3 19. Nf3 Nd7 20. a3 Rb3 21. Nd1 Nb6
22. Nd2 Rb5 23. Nc3 Nxc1 24. Rxc1 Rxb2 25. Ncb1 Kf8 26. Kf1 f5 27. f3 Ra4 28.
Ke1 Rd4 29. Nc3 fxe4 30. fxe4 Rd3 31. Ndb1 Rb3 32. Rec2 Nc4 33. a4 Ke8 34. Nb5
Nb2 35. Nc7+ Kd7 36. Ne6 Bh6 37. Nd2 Rbc3 38. Rxc3 Bxd2+ 39. Ke2 Bxc3 40. Nf4
Rd2+ 41. Ke3 Nc4+ 42. Kf3 Ne5+ 43. Ke3 Ng4+ 44. Kf3 h5 45. Ne2 Nxh2+ 46. Ke3
Ng4+ 47. Kf3 Bd4 0-1

[Event "Chigorin Memorial 2019"]
[Site "St Petersburg RUS"]
[Date "2019.10.05"]
[Round "1.11"]
[White "Yuffa, Daniil"]
[Black "Dudarev, Vladislav"]
[Result "1-0"]
[WhiteTitle "GM"]
[WhiteElo "2577"]
[BlackElo "2034"]
[WhiteFideId "24131423"]
[BlackFideId "54134862"]
[EventDate "2019.10.05"]

1. d4 Nf6 2. c4 e6 3. g3 d5 4. Bg2 dxc4 5. Nf3 Bb4+ 6. Bd2 a5 7. Qc2 O-O 8. Qxc4
Qe7 9. O-O c6 10. Nc3 Nbd7 11. a3 Bd6 12. Rad1 h6 13. e4 e5 14. h3 Rd8 15. Be3
b5 16. Qxc6 Ba6 17. Nxb5 exd4 18. Bxd4 Qxe4 19. Qxe4 Nxe4 20. Nxd6 Nxd6 21. Rfe1
Rac8 22. Bxg7 Kxg7 23. Rxd6 Nc5 24. Red1 Rxd6 25. Rxd6 Bb5 26. Nd4 Ba4 27. Nf5+ 1-0

[Event "Chigorin Memorial 2019"]
[Site "St Petersburg RUS"]
[Date "2019.10.05"]
[Round "1.12"]
[White "Kiseleva, Arina"]
[Black "Aleksandrov, Aleksej"]
[Result "0-1"]
[WhiteTitle "WCM"]
[BlackTitle "GM"]
[WhiteElo "2034"]
[BlackElo "2577"]
[WhiteFideId "4164989"]
[BlackFideId "13500139"]
[EventDate "2019.10.05"]

1. d4 Nf6 2. c4 e6 3. Nc3 Bb4 4. e3 O-O 5. Ne2 Re8 6. a3 Bf8 7. Nf4 d5 8. Bd3
dxc4 9. Bxc4 c5 10. O-O cxd4 11. exd4 Nbd7 12. Re1 Nb6 13. Ba2 Bd7 14. Nd3 Bc6
15. Ne5 Bd5 16. Bg5 Bxa2 17. Rxa2 h6 18. Bh4 Be7 19. Ra1 Rc8 20. Qd3 Nbd5 21.
Nxd5 Nxd5 22. Bg3 Qb6 23. Rab1 Red8 24. Red1 a5 25. h3 a4 26. Kh2 Bd6 27. Qf3
Rc7 28. Ng4 f5 29. Bxd6 Qxd6+ 30. Ne5 Rc2 31. Kg1 Rdc8 32. g3 b6 33. Qh5 Qe7 34.
Qf3 Nf6 35. Qe3 Nd5 36. Qf3 Kh7 37. Nd3 Qd6 38. Ne5 Nf6 39. Qe3 Ne4 40. f4 Qd5
41. Rbc1 Rxc1 42. Rxc1 Rxc1+ 43. Qxc1 Qxd4+ 44. Kh1 Qf2 0-1

[Event "Chigorin Memorial 2019"]
[Site "St Petersburg RUS"]
[Date "2019.10.05"]
[Round "1.13"]
[White "Volkov, Sergey"]
[Black "Pavlov, Mikhail"]
[Result "1-0"]
[WhiteTitle "GM"]
[WhiteElo "2557"]
[BlackElo "2034"]
[WhiteFideId "4122763"]
[BlackFideId "44126573"]
[EventDate "2019.10.05"]

1. d4 Nf6 2. Nf3 c5 3. d5 b5 4. Bg5 Qb6 5. Bxf6 Qxf6 6. c3 Qb6 7. e4 g6 8. h4 h5
9. a4 b4 10. a5 Qb7 11. Bc4 Bg7 12. e5 d6 13. e6 fxe6 14. a6 Qb6 15. dxe6 O-O
16. Qe2 Nc6 17. O-O Rb8 18. Nbd2 bxc3 19. bxc3 Bxc3 20. Qd3 Bxa1 21. Qxg6+ Bg7
22. Ng5 Rf6 23. Qe8+ Rf8 24. Qxh5 Rf6 25. Nde4 Rf4 26. Qe8+ Rf8 27. Qg6 Rf4 28.
h5 Qb2 29. h6 Na5 30. Bd3 Bxa6 31. Rb1 Qxb1+ 32. Bxb1 Rxb1+ 33. Kh2 Rh4+ 34. Kg3
Rxh6 35. Qf7+ Kh8 36. Qe8+ Bf8 37. Qxf8# 1-0

[Event "Chigorin Memorial 2019"]
[Site "St Petersburg RUS"]
[Date "2019.10.05"]
[Round "1.14"]
[White "Svidinsky, Dmitry"]
[Black "Goganov, Aleksey"]
[Result "0-1"]
[BlackTitle "GM"]
[WhiteElo "2033"]
[BlackElo "2566"]
[WhiteFideId "24120251"]
[BlackFideId "24109959"]
[EventDate "2019.10.05"]

1. e4 e5 2. Nf3 Nc6 3. Bc4 Bc5 4. c3 Nf6 5. d3 d6 6. O-O h6 7. a4 a6 8. Re1 O-O
9. h3 a5 10. Nbd2 Be6 11. Bxe6 fxe6 12. Nc4 Ba7 13. Be3 Bxe3 14. Nxe3 Qd7 15.
Nh2 Qf7 16. Qe2 b6 17. Rf1 Nd7 18. Rfe1 Nc5 19. Nef1 Rad8 20. Qc2 d5 21. Rad1 d4
22. Nf3 Rd6 23. Re2 Qd7 24. Red2 Rd8 25. cxd4 Nxd4 26. Nxd4 Rxd4 27. b3 Nxd3 28.
f3 Nb4 29. Rxd4 exd4 30. Qc4 d3 31. Ne3 c6 32. Rd2 b5 33. axb5 cxb5 34. Qc5 Qd4
35. Qxd4 Rxd4 36. Kf2 a4 37. bxa4 bxa4 38. Rd1 a3 39. Ra1 Nc2 40. Ra2 Nxe3 41.
Kxe3 d2 0-1

[Event "Chigorin Memorial 2019"]
[Site "St Petersburg RUS"]
[Date "2019.10.05"]
[Round "1.15"]
[White "Sivuk, Vitaly"]
[Black "Ponomarev, Denis"]
[Result "1-0"]
[WhiteTitle "GM"]
[WhiteElo "2559"]
[BlackElo "2031"]
[WhiteFideId "14116502"]
[BlackFideId "44136650"]
[EventDate "2019.10.05"]

1. d4 g6 2. e4 Bg7 3. c4 d6 4. Nc3 Nf6 5. h3 O-O 6. Be3 c5 7. Nf3 cxd4 8. Nxd4
Nc6 9. Be2 Nxd4 10. Bxd4 b6 11. O-O Bb7 12. Qd3 Rc8 13. Rad1 Nd7 14. Bxg7 Kxg7
15. Qd4+ Kg8 16. b3 Qc7 17. Bg4 h5 18. Nb5 Qd8 19. Bxd7 Qxd7 20. Nxa7 Ra8 21.
Nb5 Rxa2 22. Qxb6 Rfa8 23. Nc3 R2a3 24. Rfe1 Qc6 25. Qb4 Bc8 26. Nd5 R3a7 27. e5
Rb7 28. exd6 1-0

[Event "Chigorin Memorial 2019"]
[Site "St Petersburg RUS"]
[Date "2019.10.05"]
[Round "1.16"]
[White "Hefner, Felix"]
[Black "Vorobiov, Evgeny E."]
[Result "0-1"]
[BlackTitle "GM"]
[WhiteElo "2036"]
[BlackElo "2552"]
[WhiteFideId "12910651"]
[BlackFideId "4121341"]
[EventDate "2019.10.05"]

1. d4 Nf6 2. c4 g6 3. g3 Bg7 4. Bg2 O-O 5. Nf3 d6 6. O-O c6 7. Nc3 Bf5 8. Re1
Ne4 9. Nxe4 Bxe4 10. b3 c5 11. Bb2 Nc6 12. Qd2 Bxf3 13. Bxf3 Bxd4 14. Bxd4 Nxd4
15. Bxb7 Rb8 16. Bg2 a5 17. e3 Ne6 18. Reb1 Qb6 19. a3 Rfc8 20. Qc3 Rc7 21. Rb2
Ra7 22. Rab1 Qd8 23. h4 Qf8 24. Bf3 Qg7 25. Qd2 Qf6 26. Qd5 Ra6 27. Kg2 h5 28.
Qd2 Kg7 29. Qd5 Qc3 30. g4 hxg4 31. Bxg4 Nc7 32. Qg5 Qf6 33. Qxf6+ Kxf6 34. Rh1
Rab6 35. Rhb1 e6 36. Kg3 d5 37. cxd5 Nxd5 38. Rc1 Rxb3 39. Ra2 Rc3 40. Rac2 Rbb3 0-1

[Event "Chigorin Memorial 2019"]
[Site "St Petersburg RUS"]
[Date "2019.10.05"]
[Round "1.17"]
[White "Moroni, Luca Jr"]
[Black "Gordon, Evgeny"]
[Result "1-0"]
[WhiteTitle "GM"]
[WhiteElo "2553"]
[BlackElo "2030"]
[WhiteFideId "865834"]
[BlackFideId "2807289"]
[EventDate "2019.10.05"]

1. c4 e6 2. Nc3 d5 3. d4 Be7 4. cxd5 exd5 5. Bf4 c6 6. e3 Bf5 7. Nge2 Nf6 8. Ng3
Bg6 9. h4 h6 10. h5 Bh7 11. Bd3 Nbd7 12. Bxh7 Nxh7 13. Nf5 O-O 14. Qg4 Ng5 15.
O-O-O Kh7 16. Nxe7 Qxe7 17. Bxg5 hxg5 18. e4 Kh6 19. f4 f5 20. exf5 Qe3+ 21. Rd2
Qxf4 22. Qd1 Qxf5 23. g4 Qf3 24. Qc2 Rf6 25. Re1 Qxg4 26. Re7 Nf8 27. Nd1 Qg1
28. Rde2 Rc8 29. Rxb7 Qxd4 30. Kb1 Qc4 31. Qxc4 dxc4 32. Ne3 Rf4 33. Rxa7 Kh7
34. Re7 Rd8 35. Rg2 Rd3 36. Rxg5 Rd2 37. Rexg7+ Kh8 38. Rg8+ Kh7 39. R5g7+ Kh6
40. Ng4+ 1-0

[Event "Chigorin Memorial 2019"]
[Site "St Petersburg RUS"]
[Date "2019.10.05"]
[Round "1.18"]
[White "Kulek, Yuri"]
[Black "Bocharov, Ivan"]
[Result "0-1"]
[BlackTitle "IM"]
[WhiteElo "2029"]
[BlackElo "2557"]
[WhiteFideId "4191684"]
[BlackFideId "4180887"]
[EventDate "2019.10.05"]

1. d4 Nf6 2. c4 e6 3. Nf3 b6 4. g3 Ba6 5. Qa4 Bb7 6. Bg2 c5 7. O-O cxd4 8. Nxd4
Bxg2 9. Kxg2 Qc7 10. f3 a6 11. Be3 Be7 12. Nc3 O-O 13. Qb3 d6 14. Rac1 Nbd7 15.
Rfd1 Rfc8 16. Nb1 Qb7 17. Kg1 Rc7 18. a3 Rac8 19. Qa2 h5 20. b4 Ne5 21. Nd2 b5
22. c5 Nd5 23. Bf4 Nxf4 24. gxf4 Nc4 25. Nxc4 bxc4 26. cxd6 Bxd6 27. Nxe6 Qb6+
28. Nc5 Bxc5+ 29. bxc5 Rxc5 30. Kh1 h4 31. e4 c3 32. Rg1 Qb2 33. Rc2 Qxa2 34.
Rxa2 Rd8 35. Rc2 h3 36. Rf1 Rd2 37. Rfc1 Rxc2 38. Rxc2 Rb5 0-1

[Event "Chigorin Memorial 2019"]
[Site "St Petersburg RUS"]
[Date "2019.10.05"]
[Round "1.19"]
[White "Iljiushenok, Ilia"]
[Black "Shohradowa, Lala"]
[Result "1-0"]
[WhiteTitle "GM"]
[BlackTitle "WFM"]
[WhiteElo "2540"]
[BlackElo "2024"]
[WhiteFideId "24105074"]
[BlackFideId "14004089"]
[EventDate "2019.10.05"]

1. e4 e6 2. d4 d5 3. Nc3 Bb4 4. exd5 exd5 5. Bd3 Nf6 6. Bg5 c6 7. Qf3 Be6 8. Ne2
Nbd7 9. h3 h6 10. Bf4 Qe7 11. a3 Bd6 12. O-O O-O 13. Qg3 Bb8 14. Bxb8 Raxb8 15.
Rae1 Nh5 16. Qh2 Qh4 17. g4 Nhf6 18. Nf4 Nh7 19. Ng2 Qf6 20. Ne2 Nb6 21. f4 Na4
22. Rb1 Rfe8 23. c3 Bd7 24. Rf2 c5 25. Qg3 Qd6 26. b3 c4 27. Bxh7+ Kxh7 28. bxa4
Qxa3 29. f5 Qxa4 30. Rbf1 Qc6 31. g5 b5 32. Nh4 a5 33. g6+ fxg6 34. Nxg6 Bxf5
35. Ne5 1-0

[Event "Chigorin Memorial 2019"]
[Site "St Petersburg RUS"]
[Date "2019.10.05"]
[Round "1.20"]
[White "Sokolov, Nikita Dm."]
[Black "Lintchevski, Daniil"]
[Result "0-1"]
[BlackTitle "GM"]
[WhiteElo "2022"]
[BlackElo "2540"]
[WhiteFideId "34106526"]
[BlackFideId "4171055"]
[EventDate "2019.10.05"]

1. d4 Nf6 2. c4 b6 3. Nc3 Bb7 4. Nf3 e6 5. a3 d5 6. cxd5 exd5 7. Bg5 Be7 8. e3
O-O 9. Ne5 c5 10. Be2 Ne4 11. Bxe7 Qxe7 12. Nxe4 dxe4 13. O-O cxd4 14. Qxd4 Rd8
15. Qc3 Rc8 16. Qd4 Rc5 17. Rfd1 Kf8 18. Nc4 Nc6 19. Qd6 Rd8 20. Qxe7+ Kxe7 21.
Rxd8 Nxd8 22. b4 Rc7 23. a4 Bd5 24. Na3 a5 25. Nb5 Rc2 26. Nd4 Rb2 27. bxa5 bxa5
28. Bb5 Ne6 29. Nxe6 Bxe6 30. Rc1 Bd7 31. h3 Bxb5 32. axb5 Rxb5 33. Rc7+ Ke6 34.
Ra7 h5 35. g3 g5 36. Ra6+ Kd5 37. Ra7 Kc4 38. Rxf7 a4 39. Re7 a3 40. Rxe4+ Kb3
41. Rd4 a2 42. Rd1 Kc2 0-1

[Event "Chigorin Memorial 2019"]
[Site "St Petersburg RUS"]
[Date "2019.10.05"]
[Round "1.21"]
[White "Svetushkin, Dmitry"]
[Black "Postanogov, Dmitrii"]
[Result "1-0"]
[WhiteTitle "GM"]
[WhiteElo "2534"]
[BlackElo "2019"]
[WhiteFideId "13900463"]
[BlackFideId "44120419"]
[EventDate "2019.10.05"]

1. e4 c6 2. d4 d5 3. e5 Bf5 4. Nd2 e6 5. Nb3 Nd7 6. Nf3 Ne7 7. Be2 Nc8 8. O-O
Be7 9. a4 Ncb6 10. Nfd2 a5 11. g4 Bg6 12. f4 f6 13. f5 Bf7 14. Nf3 Nc4 15. exf6
gxf6 16. fxe6 Bxe6 17. Nh4 Nd6 18. Nf5 Bxf5 19. gxf5 Nf8 20. Nc5 Qc8 21. Bh5+
Kd8 22. Qg4 b6 23. Nd3 h6 24. Qg7 Rh7 25. Qg8 Nxf5 26. Bg4 Rg7 27. Qxg7 Nxg7 28.
Bxc8 Rxc8 29. Bxh6 Nge6 30. c3 Kd7 31. Nf4 Nxf4 32. Bxf4 Ne6 33. Be3 Rg8+ 34.
Kh1 Rh8 35. Rae1 Rh5 36. Re2 f5 37. Bd2 Bd6 38. Rg1 f4 39. Rg6 Nf8 40. Rg7+ Kd8
41. Rf7 Rh4 42. b4 axb4 43. cxb4 f3 44. Bg5+ 1-0

[Event "Chigorin Memorial 2019"]
[Site "St Petersburg RUS"]
[Date "2019.10.05"]
[Round "1.22"]
[White "Vunder, Andrey"]
[Black "Afanasiev, Nikita"]
[Result "0-1"]
[BlackTitle "IM"]
[WhiteElo "2027"]
[BlackElo "2520"]
[WhiteFideId "4128338"]
[BlackFideId "24183555"]
[EventDate "2019.10.05"]

1. d4 g6 2. e4 Bg7 3. Nf3 e6 4. c3 Ne7 5. Bd3 b6 6. O-O Bb7 7. Re1 d6 8. Nbd2
Nd7 9. Qe2 a6 10. a4 h6 11. Nf1 c5 12. h3 Nc6 13. Be3 cxd4 14. cxd4 Nb4 15. Bb1
Rc8 16. Qd2 Nc6 17. Ra3 Na5 18. b3 d5 19. Ng3 Qe7 20. Qb2 O-O 21. e5 Rc7 22. Bd3
Rfc8 23. Bd2 Nc6 24. b4 a5 25. bxa5 Nxa5 26. Bb4 Qe8 27. Bxa5 bxa5 28. Rb3 Bc6
29. Bb5 Bf8 30. Rc1 Bb4 31. Rxc6 Rxc6 32. Bxc6 Rxc6 33. Rxb4 axb4 34. Qxb4 Rc4
35. Qd2 Kg7 36. a5 Qb8 37. h4 Qb1+ 38. Kh2 Qc1 39. Qa2 Qc2 40. Qa3 Qxf2 41. Nh1
Qc2 42. a6 Rc3 43. Qe7 Rxf3 44. Qxd7 Rf4 45. Qe7 g5 46. hxg5 Rh4+ 47. Kg3 Rxh1
48. Qf6+ Kg8 49. a7 Qd3+ 0-1

[Event "Chigorin Memorial 2019"]
[Site "St Petersburg RUS"]
[Date "2019.10.05"]
[Round "1.23"]
[White "Levin, Evgeny A."]
[Black "Vorobieva, Varvara"]
[Result "1-0"]
[WhiteTitle "GM"]
[WhiteElo "2511"]
[BlackElo "2015"]
[WhiteFideId "4182596"]
[BlackFideId "44126590"]
[EventDate "2019.10.05"]

1. d4 d5 2. c4 c6 3. Nf3 Nf6 4. e3 Bg4 5. h3 Bh5 6. Nbd2 e6 7. g4 Bg6 8. Ne5
Nbd7 9. Nxg6 hxg6 10. Bg2 Bb4 11. O-O Bxd2 12. Bxd2 Ne4 13. Be1 Ng5 14. Kh2 Qc7+
15. f4 f5 16. Bg3 Ne4 17. Bxe4 dxe4 18. Kg2 Nb6 19. a4 Kf7 20. Rc1 Rad8 21. b4
Nc8 22. Qb3 Ne7 23. Rfd1 Qd7 24. Rd2 a6 25. a5 Rc8 26. Qd1 Qd6 27. Rb1 Rhd8 28.
Bh4 Rd7 29. Bg5 Ng8 30. gxf5 gxf5 31. Qh5+ Kf8 32. Kh2 Rf7 33. Rg2 Ke8 34. Rbg1
Qf8 35. Bh4 Kd7 36. Qxf7+ Qxf7 37. Rxg7 Nh6 38. Rxf7+ Nxf7 39. Rg7 Rf8 40. Bf6
Ke8 41. c5 Kd7 42. Kg3 Ke8 43. h4 Kd7 44. h5 Ke8 45. Kh4 1-0

[Event "Chigorin Memorial 2019"]
[Site "St Petersburg RUS"]
[Date "2019.10.05"]
[Round "1.24"]
[White "Trofimov, Ivan"]
[Black "Vokhidov, Shamsiddin"]
[Result "0-1"]
[BlackTitle "IM"]
[WhiteElo "2014"]
[BlackElo "2519"]
[WhiteFideId "44136870"]
[BlackFideId "14204223"]
[EventDate "2019.10.05"]

1. c4 e5 2. Nc3 Nf6 3. g3 Bb4 4. Bg2 O-O 5. e3 Bxc3 6. bxc3 d6 7. d3 e4 8. Ne2
exd3 9. Qxd3 Nc6 10. Nf4 Ne5 11. Qe2 Rb8 12. Rb1 b6 13. c5 dxc5 14. O-O Qe8 15.
Bb2 Bg4 16. f3 Be6 17. Nxe6 Qxe6 18. e4 Rbd8 19. c4 Qxc4 20. Qe3 Rfe8 21. Kh1
Qe6 22. Qg5 h6 23. Qf4 Nd3 24. Qh4 Nxb2 25. Rxb2 Rd4 26. Re1 Nd5 27. f4 Nb4 28.
Rbe2 c4 29. e5 c3 30. f5 Rxh4 31. fxe6 Rd4 32. exf7+ Kxf7 33. a3 Nd3 34. Rf1+
Kg8 35. Rc2 Rxe5 36. Rxc3 c5 37. Kg1 Re2 38. Rd1 Rxg2+ 39. Kxg2 Nf4+ 0-1

[Event "Chigorin Memorial 2019"]
[Site "St Petersburg RUS"]
[Date "2019.10.05"]
[Round "1.25"]
[White "Triapishko, Alexandr"]
[Black "Slugin, Yaroslav"]
[Result "1-0"]
[WhiteTitle "IM"]
[WhiteElo "2514"]
[BlackElo "2014"]
[WhiteFideId "14122286"]
[BlackFideId "34142913"]
[EventDate "2019.10.05"]

1. c4 g6 2. g3 Bg7 3. Bg2 d6 4. Nc3 e5 5. e3 Nc6 6. Nge2 Nge7 7. d3 O-O 8. O-O
Be6 9. Nd5 Qd7 10. Nec3 Nd8 11. Qa4 Nxd5 12. Qxd7 Bxd7 13. cxd5 f5 14. Bd2 c5
15. dxc6 bxc6 16. b4 Rb8 17. Rab1 Ne6 18. Rfc1 Rfc8 19. a4 a6 20. f4 Kf7 21. a5
Bf6 22. Na4 Bd8 23. Nb2 exf4 24. Nc4 Bc7 25. exf4 Nd4 26. Kf2 Be6 27. Be3 Bxc4
28. Rxc4 c5 29. Bxd4 1-0